000 00513nam a2200217Ia 4500
008 210210b1986 xxu||||| |||| 00| 0 eng d
082 _a621.3742 ARUE
100 _aARUMUGAM (M)
245 _aElectric circuit theory. Ed 3.
250 _a
260 _aDelhi.
_bKhanna publications,
_c1986
300 _avii,349
650 _atheory.
650 _aElectric
650 _aEd
650 _acircuit
650 _a3.
690 _aElectrical Engineering
700 _aPREMAKUMARAN (N).
906 _a038371
999 _c88505
_d88505